| Tag |
First Indicator |
Second Indicator |
Subfields |
| LEADER |
00000cam a22000008a 4500 |
| 001 |
in00000081167 |
| 005 |
20151008060948.0 |
| 008 |
820212s1982 wb a b 10000 eng |
| 010 |
|
|
|a 82000865
|
| 020 |
|
|
|a 0387113738
|
| 035 |
|
|
|a (OCoLC)08219258
|
| 035 |
|
|
|9 AAJ6983AM
|
| 039 |
0 |
|
|a 2
|b 3
|c 3
|d 3
|e 3
|
| 040 |
|
|
|a DLC
|c DLC
|d TXA
|d UtOrBLW
|
| 049 |
|
|
|a TXAM
|c [1443004]
|
| 050 |
0 |
0 |
|a QE640
|b .C9
|
| 082 |
0 |
|
|a 551.7
|2 19
|
| 245 |
0 |
0 |
|a Cyclic and event stratification /
|c edited by G. Einsele and A. Seilacher.
|
| 263 |
|
|
|a 8204
|
| 264 |
|
1 |
|a Berlin ;
|a New York :
|b Springer-Verlag,
|c 1982.
|
| 300 |
|
|
|a xiv, 536 pages :
|b illustrations ;
|c 24 cm.
|
| 336 |
|
|
|a text
|b txt
|2 rdacontent
|
| 337 |
|
|
|a unmediated
|b n
|2 rdamedia
|
| 338 |
|
|
|a volume
|b nc
|2 rdacarrier
|
| 500 |
|
|
|a Consists of papers presented at a workshop sponsored by Deutsche Forschungsgemeinschaft, held in Tubingen, April 25-27, 1980.
|
| 504 |
|
|
|a Includes bibliographies.
|
| 650 |
|
0 |
|a Facies (Geology)
|x Congresses.
|
| 700 |
1 |
|
|a Einsele, Gerhard.
|
| 700 |
1 |
|
|a Seilacher, Adolf.
|
| 710 |
2 |
|
|a Deutsche Forschungsgemeinschaft.
|
| 999 |
|
|
|a MARS
|
| 999 |
f |
f |
|s a7f80d65-db46-3071-9eda-c5b5b7976944
|i f40a6dcd-4c82-3b4b-86cc-fd09fcfb1c7b
|t 0
|
| 952 |
f |
f |
|p normal
|a Texas A&M University
|b College Station
|c Sterling C. Evans Library
|d Evans: Library Stacks
|t 0
|e QE640 .C9
|h Library of Congress classification
|i unmediated -- volume
|m A14806215309
|
| 998 |
f |
f |
|a QE640 .C9
|t 0
|l Evans: Library Stacks
|